Les joueurs de foot pour l'euro 2024 de France - Statistiques

Statistiques générales
  • Ce quiz a été pris 311 fois
  • Le résultat moyen est 27 sur 36
Statistiques - réponses
Par images Réponse % Correct
Kylian Mbappé
100%
Antoine Griezmann
98%
Olivier Giroud
98%
Benjamin Pavard
93%
Théo Hernandez
93%
Mike Maignan
92%
Ousmane Dembélé
91%
Aurélien Tchouaméni
90%
Eduardo Camavinga
90%
N'Golo Kanté
90%
Adrien Rabiot
89%
Bradley Barcola
88%
Jules Koundé
86%
Randal Kolo Muani
86%
Kingsley Coman
85%
Dayot Upamecano
82%
Marcus Thuram
82%
Jonathan Clauss
81%
William Saliba
81%
Warren Zaire-Emery
77%
Alphonse Areola
74%
Mattéo Guendouzi
71%
Youssouf Fofana
69%
Ibrahima Konaté
68%
Brice Samba
66%
Christopher Nkunku
66%
Ferland Mendy
66%
Jordan Veretout
61%
Khéphren Thuram
61%
Moussa Diaby
55%
Wesley Fofana
51%
Axel Disasi
49%
Malo Gusto
48%
Jean-Clair Todibo
41%
Boubacar Kamara
38%
Castello Lukeba
32%
Aucun quiz correspondant
Distribution des résultats
% des personnes avec chaque résultat
Percentile par nombre de réponses
Votre historique - résultats
Vous n’avez pas pris ce quiz